01026 a2200133 4500003000400000005001700004008004100021020001800062100001700080245003600097260002900133300001000162520072000172OSt20251209150139.0251209b |||||||| |||| 00| 0 eng d a9788119727100 aMacDonald L. aYou Can Manage Your Time Better bEmbassy Booksc2025aUSA a156pp aMASTER SIMPLE STRATEGIES TO REDUCESTRESS, BEAT PROCRASTINATION, AND MAKE TIME FOR WHAT TRULY MATTERS Everyday life often feels like a race against time—overloaded to-do lists, overflowing inboxes, and constant pressure. We get so caught up in past regrets and future worries that we forget to enjoy the present. You Can Manage Your Time Better offers practical tools to help you take back control. Stress and anger management expert Lucy MacDonald shares over 25 step-by-step exercises to defeat procrastination, clarify priorities, de-clutter your life, and find balance. With tailored advice for parents, students, and professionals, this empowering guide helps you reclaim your time—and your peace of mind.